| 000 | 00385nam a2200133Ia 4500 | ||
|---|---|---|---|
| 008 | 230917s9999||||xx |||||||||||||| ||und|| | ||
| 040 |
_e92919 _aMAIN |
||
| 041 | _aEnglish | ||
| 082 | _a370 N63S | ||
| 100 | _aNischal, Manju | ||
| 245 | 0 | _aStudy of emotional adjustment of teachers in relation to sex, socio-economic status and rural urban background | |
| 300 | _a123 p. | ||
| 942 | _cTH | ||
| 999 |
_c88235 _d88235 |
||